000 00700nam a2200289Ia 4500
005 20260324134557.0
008 008 260324s9999 xx 000 0 eng d
020 _a9780429477515
037 _aEBOOK
040 _aCRL
040 _beng
040 _cCRL
041 _2eng
041 _aeng
084 _qCRL
100 _aMichael Rustin; Margaret Rustin
_91194881
245 0 _aNarratives of Love and Loss
245 0 _bStudies in Modern Children's Fiction
260 _bTaylor and Francis
260 _c2001
365 _a
365 _b195
856 _uhttp://www.taylorfrancis.com/books/9780429477515
942 _cEBOOK
999 _c1797586
_d1797586